Industrial relations, trade unions and labour legislation (Record no. 192829)

MARC details
000 -LEADER
fixed length control field 00500nam a2200157Ia 4500
005 - DATE AND TIME OF LATEST TRANSACTION
control field 20250421135024.0
008 - FIXED-LENGTH DATA ELEMENTS--GENERAL INFORMATION
fixed length control field 231217s9999 xx 000 0 und d
020 ## - INTERNATIONAL STANDARD BOOK NUMBER
International Standard Book Number 9788177588132
082 ## - DEWEY DECIMAL CLASSIFICATION NUMBER
Classification number 658.3153 SIN;1
100 ## - MAIN ENTRY--PERSONAL NAME
Personal name Sinha, PRN. Indu, Bala Sinha. Seema Priyadarshini Shekhar.
245 #0 - TITLE STATEMENT
Title Industrial relations, trade unions and labour legislation
260 ## - PUBLICATION, DISTRIBUTION, ETC. (IMPRINT)
Date of publication, distribution, etc. 2006
Name of publisher, distributor, etc. Dorling Kindersley
Place of publication, distribution, etc. Noida
300 ## - PHYSICAL DESCRIPTION
Extent xx, 632
650 ## - SUBJECT ADDED ENTRY--TOPICAL TERM
Topical term or geographic name as entry element relations,,trade,unions,labour,legislation
942 ## - ADDED ENTRY ELEMENTS (KOHA)
Koha item type Books
Holdings
Date last seen Total Checkouts Full call number Accession number Old discount Uniform Resource Identifier Cost, replacement price Price effective from Category Lost status Damaged status Department Withdrawn status bill no. bill date Permanent Location Current Location Shelving location Entry date Vendor Cost, normal purchase price Grants Currency symbol Conversion rate Discount Discount type Date checked out
26/01/2024   658.3153 SIN;1 79348 20 digital/contents/79349.pdf 380.00 26/01/2024 Books     MBA   SIPHO/2011/CRB/579 12/09/2016 Central Library Central Library MBA 03/08/2011 Surya Infotainment Products Pvt. Ltd. 475.00 MBA RS 1 95 Rupees  
26/01/2024   658.3153 SIN;2 R 79349 20 digital/contents/79349.pdf 380.00 26/01/2024 Books     Central Library   SIPHO/2011/CRB/579 12/09/2016 Central Library Central Library Central Library 03/08/2011 Surya Infotainment Products Pvt. Ltd. 475.00 MBA RS 1 95 Rupees  
26/01/2024   658.3153 SIN;3 R1 79350 20 digital/contents/79349.pdf 380.00 26/01/2024 Books     Central Library   SIPHO/2011/CRB/579 12/09/2016 Central Library Central Library Central Library 03/08/2011 Surya Infotainment Products Pvt. Ltd. 475.00 MBA RS 1 95 Rupees  
07/02/2025 1 658.3153 SIN;4 79351 20 digital/contents/79349.pdf 380.00 26/01/2024 Books     Central Library   SIPHO/2011/CRB/579 12/09/2016 Central Library Central Library Central Library 03/08/2011 Surya Infotainment Products Pvt. Ltd. 475.00 MBA RS 1 95 Rupees 06/02/2025
07/02/2025 1 658.3153 SIN;5 79352 20 digital/contents/79349.pdf 380.00 26/01/2024 Books     Central Library   SIPHO/2011/CRB/579 12/09/2016 Central Library Central Library Central Library 03/08/2011 Surya Infotainment Products Pvt. Ltd. 475.00 MBA RS 1 95 Rupees 06/02/2025

© For any Suggestions or Query, please contact the library staff @ librarian@pes.edu or Phone: +9180 2672 1983/ 2108.